00469nam a2200157Ia 4500003000400000008004100004040001600045082001500061100001900076245008100095260003200176300001000208650001500218650003900233650003900272GCL140319s9999 xx 000 0 eng d aGCL / cGCL04a382.4bM E1 aMILLER, DAVINA10aEXPORT OR DIE: BRITIAN'S DEFENCE TRADE WITH IRAN AND IRAQ / cMILLER, DAVINA a[S.N] : bCASSELL ، c1996 a247 P04aARMS SALES04aENGLAND - FOREIGN RELATIONS - IRAN04aENGLAND - FOREIGN RELATIONS - IRAQ